| 000 | 00940nam a22002177a 4500 | ||
|---|---|---|---|
| 005 | 20240530110529.0 | ||
| 008 | 160313s2012 ua g b 000 0 ara d | ||
| 017 |
_a7025 _bمصر . دار الكتب المصرية |
||
| 020 | _a9770527734 | ||
| 040 | _aEG-CaGPL | ||
| 082 | 0 | 4 |
_221 _a378.101\ _bف ح |
| 100 | 0 | _aفاروق جعفر عبدالحكيم مرزوق | |
| 245 | 1 | 0 |
_aحوكمة التعليم المفتوح : _bمنظور استراتيجى / _cتاليف فاروق جعفر عبدالحكيم مرزوق |
| 260 |
_aالقاهرة : _bمكتبة الانجلو المصرية ، _c2012 . |
||
| 300 |
_a206 ص : _bايض ؛ _c24 سم . |
||
| 504 | _aيشتمل على ارجاعات ببليوجرافية | ||
| 650 | 0 | 4 |
_aالتعليم الجامعى _xتنظيم و ادارة |
| 650 | 0 | 4 |
_aالتعليم المفتوح _xتنظيم و ادارة |
| 942 |
_2ddc _cBK |
||
| 999 |
_c62047 _d62047 |
||